000 00590cab a2200217 4500
001 X98372
008 090401t1999 xxu||||| |||| 00| 0 eng d
035 _a(Sirsi) u93089
041 _aeng
245 _aEnvironmental assessment
260 _c1999
350 _a0
490 _aEstates Gazette Case Summaries
_v[1999] EGCS 53 (24/3/99)
650 _aACCESS ROAD
650 _aCONDITIONAL PLANNING CONSENT
650 _aENVIRONMENTAL STATEMENT
650 _aR V ST EDMUNDSBURY BC EX P WALTON
690 _aPLANNING LAW AND PRACTICE-CASE LAW
942 _n0
948 _c30/04/1999
999 _c58997
_d58997